Současné právní předpisy pro vědu, výzkum a informatiku

Salvato in:
Dettagli Bibliografici
Autore principale: Maštalka, Jiří
Natura: Libro
Lingua:ceco
Pubblicazione: Praha Středisko potravinářských informací 1992
Edizione:1. vyd.
Soggetti:
Tags: Aggiungi Tag
Nessun Tag, puoi essere il primo ad aggiungerne!!

MARC

LEADER 00000nam a2200000 4500
001 c001965
005 20221214090605.1
020 |a 80-85120-33-X 
041 0 |a cze 
044 |a CZ 
245 1 0 |a Současné právní předpisy pro vědu, výzkum a informatiku  |c Jiří Maštalka 
250 |a 1. vyd. 
264 1 |a Praha  |b Středisko potravinářských informací  |c 1992 
300 |a 308 s. 
610 2 0 |a predpisy právne 
610 2 0 |a veda 
610 2 0 |a výskum 
610 2 0 |a informatika 
610 2 0 |a správa štátna 
610 2 0 |a sústava informačná 
610 2 0 |a smernice 
610 2 0 |a vyhlášky 
610 2 0 |a podnikanie 
610 2 0 |a zákony 
610 2 0 |a ČSFR 
610 2 0 |a Česko 
610 2 0 |a Slovensko 
100 1 |a Maštalka, Jiří